Statistics for The 100 Most Significant Figures in History

Click here to take the quiz!

General Stats

  • This quiz has been taken 657 times
    (620 since last reset)
  • The average score is 35 of 100

Answer Stats

Answer% Correct
7Adolf Hitler
89%
6George Washington
87%
1Jesus
87%
18Joseph Stalin
82%
5Abraham Lincoln
79%
43Franklin D. Roosevelt
75%
15Julius Caesar
74%
37Winston Churchill
73%
23Theodore Roosevelt
71%
75Vladimir Lenin
71%
3Muhammad
70%
19Albert Einstein
68%
71John F. Kennedy
68%
2Napoleon
66%
9Alexander the Great
64%
21Isaac Newton
61%
10Thomas Jefferson
61%
52Gautama Buddha
60%
20Christopher Columbus
59%
17Martin Luther
58%
25Plato
58%
16Queen Victoria
56%
4William Shakespeare
55%
40Thomas Edison
53%
8Aristotle
52%
32Ronald Reagan
52%
68Socrates
52%
29Leonardo da Vinci
51%
13Elizabeth I
49%
22Charlemagne
48%
14Karl Marx
48%
30Augustus
46%
35Benjamin Franklin
46%
36George W. Bush
46%
38Genghis Khan
45%
11Henry VIII
44%
61John Adams
44%
12Charles Darwin
42%
94Harry S. Truman
42%
27Ludwig van Beethoven
42%
24Wolfgang Amadeus Mozart
42%
26Louis XIV
41%
86Michelangelo
41%
82Richard Nixon
41%
49Galileo Galilei
39%
70William the Conqueror
38%
93Nikola Tesla
36%
66Andrew Jackson
35%
47Woodrow Wilson
35%
48Johann Sebastian Bach
34%
28Ulysses S. Grant
32%
56Adam Smith
29%
51James Madison
29%
33Charles Dickens
27%
69Elvis Presley
27%
60James Cook
27%
95Joan of Arc
27%
44Sigmund Freud
26%
45Alexander Hamilton
25%
97Otto von Bismarck
25%
64Voltaire
25%
50Oliver Cromwell
23%
73Vincent van Gogh
23%
92René Descartes
22%
76Robert E. Lee
22%
89Ali
20%
42Friedrich Nietzsche
20%
53Mark Twain
20%
58George III
15%
41James I
14%
91John Paul II
14%
39Charles I
13%
96Dante Alighieri
13%
81Francis Bacon
13%
65St. Peter
13%
67Constantine the Great
12%
78Charles II
11%
54Edgar Allan Poe
11%
98Grover Cleveland
11%
57King David
11%
62Richard Wagner
11%
63Pyotr Tchaikovsky
10%
79Cicero
9%
88Johann Wolfgang von Goethe
9%
34Paul the Apostle
9%
84Charles V
8%
59Immanuel Kant
8%
100John Locke
8%
83Louis XVI
8%
77Oscar Wilde
8%
72Augustine of Hippo
7%
90Thomas Aquinas
7%
80Jean-Jacques Rousseau
6%
99John Calvin
6%
74Nicolaus Copernicus
6%
87Philip II
6%
55Joseph Smith
5%
85King Arthur
5%
31Carl Linnaues
1%
46Mohandas Karamchand Gandhi
1%

Score Distribution

Percentile by Number Answered

Percent of People with Each Score

Your Score History

You have not taken this quiz since the last reset